| 000 | 00503cam a22001932 4500 | ||
|---|---|---|---|
| 001 | 0000001222 | ||
| 005 | 20170406113248.0 | ||
| 008 | 131211s xx 000 0 eng d | ||
| 020 | _c$ | ||
| 040 |
_aYour Holding Symbol _cYour Holding Symbol |
||
| 100 | 1 | _aGaulle General.DE. | |
| 245 | 1 | 0 |
_aWar memiors : _bunity.1942-1944. |
| 250 | _a ed. | ||
| 260 |
_alondon : _bcork street, _c1956. |
||
| 300 |
_a340 p. ; _c cm. |
||
| 504 | _aindex. | ||
| 650 | 0 | _aHistory. | |
| 908 | _a131211 | ||
| 999 |
_c1139 _d1139 |
||